000 00907cam a2200301Ma 4500
001 43145
005 20230410143424.0
008 920224s1965 ag a i 001 0 spa d
035 _a(OCoLC)ocm55264630
040 _aDIBAM
_bspa
_cDIBAM
_dOCLCQ
035 _a(OCoLC)55264630
041 1 _aspa
_heng
082 0 4 _a621.388
_bF499
049 _aGRAL
050 1 4 _aF499f,1965
100 1 _aFink, DonaLd G.,
_d1911-
245 1 0 _aFísica de la televisión /
_cDonald G. Fink y David M. Lutyns ; [traducido por Raquel T. de Golschvartz].
250 _a2a. ed.
260 _aBuenos Aires :
_bEudeba,
_c1965.
300 _a167 p., [4] p. de láms. :
_bil. ;
_c20 cm.
490 0 _aColección ciencia joven ;
_v8
500 _aTítulo original: The physics of television.
650 7 _aTELEVISION.
_2renib
700 1 _aLutyns, David M.
942 _2lcc
_cbk
946 _amjcruz
994 _aC0
_bDRFGD
999 _c101382
_d101382